Kanye Quiz - Statistics

General Stats
  • This quiz has been taken 151 times
  • The average score is 13 of 15
Answer Stats
Kanye Quiz Answer % Correct
Who is Kanye married to Kim
96%
2021 Donda
93%
2007 Graduation
93%
2018 Ye
93%
2008 808s and Heartbreak
92%
2005 Late Registration
92%
2004 The College Dropout
92%
2013 Yeezus
92%
2010 My beautiful dark twisted fantasy
91%
2016 The Life of Pablo
91%
2019 Jesus is King
86%
What is Kanyes middle name Omari
82%
Whats the best part about being a dad? the kids
82%
Can you believe that? Can you believe we dont have a ______? Jacuzzi
80%
Where is Kanye born Atlanta
61%
No matching quizzes found
Score Distribution
Percent of People with Each Score
Percentile by Number Answered
Your Score History
You have not taken this quiz